000 00279nam a2200109Ia 4500
008 190913s9999||||xx |||||||||||||| ||und||
100 _aSyed Zainul abdein
245 0 _aAdvanced Accounting and cost Accounting
260 _aKarachi
_bGardezi
_c2001
300 _a609
942 _cBK
999 _c8071
_d8071